000 00773nam a22002177a 4500
005 20230912152630.0
008 100407t xxu||||| |||| 00| 0 eng d
010 _aENG-137914
020 _a9789357050050
_c905.00
035 _aEN-121446
037 _bDBAD/PUB
040 _aDPL
082 _a000
245 _aPearson IIT Foundation Practice Book:
_bPhysics, Chemistry, Mathematics Class 8/
250 _a2023
260 _aNoida
_bDorling Kindersley (India) Pvt. Ltd. Licensees of Pearson Education
_c2010
270 _aIst Floor, Berger Tower, Plot No C-001A/2, Sector 16B
_bUttar Pradesh
_e2013001
300 _avpp.
_c25cm.(pbk)
500 _aA Pathway TO Crack JEE useful For NTSE And Other Olympiad Exams
942 _2ddc
_cEN
_h000
_mIIT
999 _c197718
_d197718